ARRUPE JESUIT UNIVERSITY

CORONAVIRUS -STOP THE SPREAD - CLEAN,DISINFECT,COVER

In the Footsteps of Pedro Arrupe (Record no. 120026)

MARC details
000 -LEADER
fixed length control field 00533nam a22001577a 4500
008 - FIXED-LENGTH DATA ELEMENTS--GENERAL INFORMATION
fixed length control field 140211b xxu||||| |||| 00| 0 eng d
050 ## - LIBRARY OF CONGRESS CALL NUMBER
Classification number BV4466. B191
100 ## - MAIN ENTRY--PERSONAL NAME
Personal name Balleis, Peter
9 (RLIN) 8584
245 ## - TITLE STATEMENT
Title In the Footsteps of Pedro Arrupe
Remainder of title Ignatian Spirituality in the service of Refugees /
Statement of responsibility, etc Peter Balleis
260 ## - PUBLICATION, DISTRIBUTION, ETC. (IMPRINT)
Place of publication, distribution, etc Rome
Name of publisher, distributor, etc Jesuit Refugee Service
Date of publication, distribution, etc 2007
300 ## - PHYSICAL DESCRIPTION
Extent 43p.
Dimensions 21cm.
600 ## - SUBJECT ADDED ENTRY--PERSONAL NAME
Personal name Arrupe, Pedro
9 (RLIN) 8585
650 ## - SUBJECT ADDED ENTRY--TOPICAL TERM
Topical term or geographic name as entry element Jesuit Refugee Service
9 (RLIN) 8586
700 ## - ADDED ENTRY--PERSONAL NAME
Personal name Vella, Danielle (ed.)
9 (RLIN) 8587
942 ## - ADDED ENTRY ELEMENTS (KOHA)
Source of classification or shelving scheme Library of Congress Classification
Item type Monograph ( Printed materials)
Holdings
Withdrawn status Lost status Source of classification or shelving scheme Damaged status Not for loan Home library Current library Shelving location Date acquired Total Checkouts Full call number Barcode Date last seen Price effective from Koha item type
    Library of Congress Classification     ARRUPE LIBRARY ARRUPE LIBRARY Main Collection 11/02/2014   BV4466. B191 46410633 24/01/2017 11/02/2014 Monograph ( Printed materials)

 

Arrupe Library. PO Box MP320 Mt Pleasant, Harare, Zimbabwe
263 242 745411|librarian@aju.ac.zw